|
|
|
|
| LEADER |
00603cam a2200193 7i4500 |
| 001 |
0000030958 |
| 005 |
20140702090000.0 |
| 020 |
0 |
0 |
|a 9781741798937
|
| 090 |
0 |
0 |
|a BOTW 910.202
|b BOT
|
| 245 |
0 |
0 |
|a Botswana & Namibia :
|b lonely planet.
|
| 250 |
0 |
0 |
|a 3rd ed..
|
| 260 |
0 |
0 |
|a Victoria:
|b Lonely Planet Publications,
|c 2013.
|
| 300 |
# |
# |
|a 398 p.
|
| 440 |
0 |
0 |
|a Lonely planet
|
| 650 |
0 |
0 |
|a Botswana --
|x Description and travel --
|x Guidebooks
|
| 650 |
0 |
0 |
|a Namibia --
|x Description and travel --
|x Guidebooks
|
| 651 |
0 |
0 |
|a Botswana
|
| 651 |
0 |
0 |
|a Namibia
|
| 999 |
|
|
|a B000034267
|b Book
|c Countries
|e Business Information Centre
|